000 00253nam a2200109Ia 4500
008 220204s9999 xx 000 0 und d
082 _a82-3
_bPRI
100 _aPrice, Richard
245 0 _aBloodbrothers
260 _aNew York
_bBantam
_c1977
942 _cBK
999 _c29345
_d29345